[Event "AUT-ch U16"]
[Site "St Veit"]
[Date "2023.04.04"]
[Round "5"]
[White "Zaytsev, Alexander"]
[Black "Daemon, Clemens"]
[Result "1/2-1/2"]
[WhiteElo "1976"]
[BlackElo "1186"]
[PlyCount "96"]
[EventDate "2023.04.02"]
[EventType "swiss"]
[EventRounds "7"]
[EventCountry "AUT"]
[SourceTitle "EXT 2024"]
[Source "ChessBase"]
[SourceDate "2023.10.10"]
[SourceVersion "1"]
[SourceVersionDate "2023.10.10"]
[SourceQuality "1"]

1. e4 c5 2. Nf3 a6 3. c4 Nc6 4. Nc3 e5 5. d3 Nf6 6. g3 Be7 7. Bg2 0-0 8. 0-0 d6 9. h3 Rb8 10. a4 Bd7 11. Be3 h6 12. Ne1 Nd4 13. Bxd4 cxd4 14. Nd5 Nxd5 15. exd5 b5 16. axb5 axb5 17. b3 Qc8 18. Kh2 f5 19. Qe2 Qc7 20. Nf3 bxc4 21. bxc4 Bf6 22. Ra6 Rb6 23. Rfa1 Rfb8 24. Rxb6 Qxb6 25. Ra2 Kh7 26. Nd2 Be8 27. g4 g6 28. Nf1 Bd7 29. gxf5 Bxf5 30. Ng3 Bg5 31. Be4 Rf8 32. Rb2 Qc7 33. Bxf5 gxf5 34. Rb5 Rf7 35. Qh5 Bf4 36. Kg2 Bxg3 37. Kxg3 e4 38. dxe4 fxe4 39. Qh4 Qe7 40. Qxe7 Rxe7 41. Kf4 d3 42. Ke3 Rc7 43. Rb4 Kg6 44. c5 Rxc5 45. Rxe4 Rxd5 46. Kd2 Kf5 47. Ra4 Ke5 48. Rh4 Rd4 1/2-1/2

[Event "AUT-ch U16"]
[Site "St Veit"]
[Date "2023.04.03"]
[Round "3"]
[White "Pavlov, Alexander1111"]
[Black "Daemon, Clemens"]
[Result "1/2-1/2"]
[WhiteElo "1708"]
[BlackElo "1186"]
[PlyCount "75"]
[EventDate "2023.04.02"]
[EventType "swiss"]
[EventRounds "7"]
[EventCountry "AUT"]
[SourceTitle "EXT 2024"]
[Source "ChessBase"]
[SourceDate "2023.10.10"]
[SourceVersion "1"]
[SourceVersionDate "2023.10.10"]
[SourceQuality "1"]

1. e4 c5 2. Nf3 a6 3. c3 d5 4. exd5 Qxd5 5. d4 e6 6. Be2 Nc6 7. Be3 cxd4 8. Bxd4 Nxd4 9. cxd4 Nf6 10. Nc3 Qa5 11. 0-0 Be7 12. Re1 0-0 13. a4 Bb4 14. Qb3 Re8 15. Bc4 Bd7 16. Re5 b5 17. Qd1 Bxc3 18. axb5 Qb4 19. bxc3 Qxc4 20. Rc5 Qxc5 21. dxc5 Bxb5 22. Nd4 Rec8 23. Nxb5 axb5 24. Rxa8 Rxa8 25. g3 Nd5 26. Qb3 Nc7 27. c4 bxc4 28. Qxc4 g6 29. Qb4 Nd5 30. Qb7 Re8 31. f4 h5 32. h3 Re7 33. Qa8+ Kg7 34. c6 Rc7 35. Kg2 Kf6 36. Qd8+ Kg7 37. Qa8 Kf6 38. Qd8+ 1/2-1/2

[Event "AUT-ch U16"]
[Site "St Veit"]
[Date "2023.04.02"]
[Round "2"]
[White "Daemon, Clemens"]
[Black "Schramml, Fabian"]
[Result "1-0"]
[WhiteElo "1186"]
[BlackElo "1607"]
[PlyCount "61"]
[EventDate "2023.04.02"]
[EventType "swiss"]
[EventRounds "7"]
[EventCountry "AUT"]
[SourceTitle "EXT 2024"]
[Source "ChessBase"]
[SourceDate "2023.10.10"]
[SourceVersion "1"]
[SourceVersionDate "2023.10.10"]
[SourceQuality "1"]

1. e4 c5 2. Nf3 a6 3. c4 Nc6 4. d4 cxd4 5. Nxd4 Nf6 6. Nc3 e5 7. Nf5 d6 8. Bd3 Bxf5 9. exf5 d5 10. cxd5 Nxd5 11. 0-0 Nxc3 12. bxc3 Bd6 13. Qg4 g6 14. fxg6 hxg6 15. Bxg6 Rg8 16. Bxf7+ Kxf7 17. Qh5+ Rg6 18. f4 Bc5+ 19. Kh1 Qh8 20. fxe5+ Kg7 21. Qxh8+ Rxh8 22. Bf4 Ne7 23. Rad1 Rf8 24. g3 Rf7 25. Rfe1 Nc6 26. e6 Re7 27. Rd5 b6 28. Bd6 Bf2 29. Bxe7 Bxe1 30. Bd8 Nxd8 31. e7 1-0